Au pays des Pierres Saintes
Збережено в:
| Автор: | |
|---|---|
| Формат: | Книга |
| Мова: | Undetermined |
| Опубліковано: |
Rusia
Presses de la Cité
1958
|
| Предмети: | |
| Теги: |
Додати тег
Немає тегів, Будьте першим, хто поставить тег для цього запису!
|
MARC
| LEADER | 00000nam a2200000Ia 4500 | ||
|---|---|---|---|
| 008 | 170316s9999 xx 000 0 und d | ||
| 090 | |a 230 P-2a | ||
| 100 | |a Parkinson Keyes, Frances | ||
| 245 | |a Au pays des Pierres Saintes | ||
| 260 | |a Rusia | ||
| 260 | |b Presses de la Cité | ||
| 260 | |c 1958 | ||
| 300 | |a 315 páginas | ||
| 650 | |a TEOLOGÍA | ||
| 999 | |c 18054 |d 18054 | ||
| 040 | |a cru BVZT | ||
| 942 | |c 15 D |h 230 P-2a |2 z | ||
